Report by Kunwar Maharaj Singh on his deputation to Mauritus, 1925 (report on emigration of Indian labour to Mauritus) (Record no. 490272)

000 -LEADER
fixed length control field 00351cam a22000977a 4500
008 - FIXED-LENGTH DATA ELEMENTS--GENERAL INFORMATION
fixed length control field 180718b1925 xxu||||| |||| 00| 0 eng d
082 ## - DEWEY DECIMAL CLASSIFICATION NUMBER
Classification number D8x6982 In2
245 ## - TITLE STATEMENT
Title Report by Kunwar Maharaj Singh on his deputation to Mauritus, 1925 (report on emigration of Indian labour to Mauritus)
260 ## - PUBLICATION, DISTRIBUTION, ETC.
Place of publication, distribution, etc. Delhi
Name of publisher, distributor, etc. The Manager of Publications
Date of publication, distribution, etc. 1925
300 ## - PHYSICAL DESCRIPTION
Extent 50+p.
Holdings
Withdrawn status Lost status Damaged status Not for loan Permanent Location Current Location Date acquired Full call number Barcode Date last seen Price effective from Koha item type
        Indian Institute of Public Administration Indian Institute of Public Administration 2018-08-04 D8x6982 In2 G3821 2018-08-04 2018-08-04 G

Powered by Koha